Regulované monopoly

Monopol a jeho postavenie na trhu, charakteristika monopolu. Možnosti štátu pri regulovaní monopolu: Regulácia cenovej politiky monopolu: zdaňovanie monopolu, uplatňovanie špecifických regulačných mechanizmov ovplyvňujúcich správanie prirodzených monopolov. Úrad pre reguláciu sieťových odvetví a jeh...

Descrizione completa

Salvato in:
Dettagli Bibliografici
Autore principale: Fendeková, Eleonora, 1952-
Natura: Capitolo di libro
Lingua:slovacco
Soggetti:
Tags: Aggiungi Tag
Nessun Tag, puoi essere il primo ad aggiungerne!!

MARC

LEADER 00000naa$a2200000$$$4500
001 0046694
005 20240502071535.1
041 0 |a slo 
044 |a SK 
245 1 0 |a Regulované monopoly  |c Eleonóra Fendeková 
520 |a Monopol a jeho postavenie na trhu, charakteristika monopolu. Možnosti štátu pri regulovaní monopolu: Regulácia cenovej politiky monopolu: zdaňovanie monopolu, uplatňovanie špecifických regulačných mechanizmov ovplyvňujúcich správanie prirodzených monopolov. Úrad pre reguláciu sieťových odvetví a jeho úlohy. 
610 2 0 |a monopoly 
610 2 0 |a regulácia 
610 2 0 |a regulácia cenová 
610 2 0 |a regulácia štátna 
610 2 0 |a Slovensko 
100 1 |a Fendeková, Eleonora, 1952-